<?xml version="1.0" encoding="UTF-8"?>
<record
    xmlns:xsi="http://www.w3.org/2001/XMLSchema-instance"
    xsi:schemaLocation="http://www.loc.gov/MARC21/slim http://www.loc.gov/standards/marcxml/schema/MARC21slim.xsd"
    xmlns="http://www.loc.gov/MARC21/slim">

  <leader>01856nam a22002657a 4500</leader>
  <controlfield tag="003">OSt</controlfield>
  <controlfield tag="005">20260515120133.0</controlfield>
  <controlfield tag="008">260121b        |||||||| |||| 00| 0 eng d</controlfield>
  <datafield tag="022" ind1=" " ind2=" ">
    <subfield code="a">0017-8012</subfield>
  </datafield>
  <datafield tag="040" ind1=" " ind2=" ">
    <subfield code="a">TBS</subfield>
    <subfield code="b">EN</subfield>
    <subfield code="c">TBS</subfield>
  </datafield>
  <datafield tag="041" ind1=" " ind2=" ">
    <subfield code="a">eng</subfield>
  </datafield>
  <datafield tag="100" ind1=" " ind2=" ">
    <subfield code="a">Luthra, Poornima</subfield>
    <subfield code="9">27011</subfield>
    <subfield code="e">author</subfield>
  </datafield>
  <datafield tag="245" ind1=" " ind2=" ">
    <subfield code="a">Do your global teams see DEI as an American issue?</subfield>
    <subfield code="c">/ Poornima Luthra.</subfield>
  </datafield>
  <datafield tag="260" ind1=" " ind2=" ">
    <subfield code="b">Harvard Business Review Digital Articles, </subfield>
    <subfield code="c">2022.</subfield>
  </datafield>
  <datafield tag="300" ind1=" " ind2=" ">
    <subfield code="a">1-7 pages.</subfield>
  </datafield>
  <datafield tag="362" ind1=" " ind2=" ">
    <subfield code="a">Harvard Business Review Digital Articles, 2022, p.1&#x2013;7</subfield>
  </datafield>
  <datafield tag="520" ind1=" " ind2=" ">
    <subfield code="a">To date, organizations across the world have followed the American lead when it comes to DEI. They&#x2019;ve benefited from the extensive research, data, literature, role models, best practices, narratives, and success stories and have been inspired to address inequality in their own workplaces. But for global organizations aspiring to be inclusive of diverse talent across their international teams, it&#x2019;s just as important that employees in Paris, Mumbai, and Buenos Aires are on board as it is for those in New York and Seattle. To achieve this, leaders can draw inspiration from the management term &#x201C;glocal,&#x201D; a mix of the words global and local. Using a glocal lens allows organizations to identify a DEI vision and strategy that defines broad areas of focus while also allowing flexibility for local adaptation within those key areas. The author presents five things to keep in mind when diversifying your DEI approach.</subfield>
  </datafield>
  <datafield tag="630" ind1=" " ind2="0">
    <subfield code="a">MSc International Business</subfield>
    <subfield code="9">26977</subfield>
  </datafield>
  <datafield tag="650" ind1=" " ind2="0">
    <subfield code="a">International business enterprises</subfield>
    <subfield code="x">Management</subfield>
    <subfield code="9">498</subfield>
  </datafield>
  <datafield tag="650" ind1=" " ind2="0">
    <subfield code="a">Multinational corporations</subfield>
    <subfield code="9">27012</subfield>
  </datafield>
  <datafield tag="650" ind1=" " ind2="0">
    <subfield code="a">Multinational work teams</subfield>
    <subfield code="x">Management</subfield>
    <subfield code="9">27013</subfield>
  </datafield>
  <datafield tag="650" ind1=" " ind2="0">
    <subfield code="a">Teams in the workplace</subfield>
    <subfield code="9">655</subfield>
  </datafield>
  <datafield tag="856" ind1=" " ind2=" ">
    <subfield code="u">https://research-ebsco-com.hub.tbs-education.fr/c/q5dvh4/viewer/pdf/bwykgjawyn</subfield>
  </datafield>
  <datafield tag="942" ind1=" " ind2=" ">
    <subfield code="2">lcc</subfield>
  </datafield>
  <datafield tag="952" ind1=" " ind2=" ">
    <subfield code="0">0</subfield>
    <subfield code="1">0</subfield>
    <subfield code="2">lcc</subfield>
    <subfield code="4">0</subfield>
    <subfield code="7">0</subfield>
    <subfield code="8">CT</subfield>
    <subfield code="a">TBS</subfield>
    <subfield code="b">TBS</subfield>
    <subfield code="d">2026-05-13</subfield>
    <subfield code="l">0</subfield>
    <subfield code="p">5221</subfield>
    <subfield code="r">2026-05-13</subfield>
    <subfield code="u">https://research-ebsco-com.hub.tbs-education.fr/c/q5dvh4/viewer/pdf/bwykgjawyn</subfield>
    <subfield code="w">2026-05-13</subfield>
    <subfield code="y">ARTICLE</subfield>
  </datafield>
  <datafield tag="999" ind1=" " ind2=" ">
    <subfield code="c">5221</subfield>
    <subfield code="d">5221</subfield>
  </datafield>
</record>
